| 000 | 00516nam a2200181 a 4500 | ||
|---|---|---|---|
| 001 | 000043338 | ||
| 005 | 20240307145622.0 | ||
| 008 | 140310s1995 sp 000 0 spa d | ||
| 020 | _a8481810584 | ||
| 041 | 1 | 7 |
_aspa _afre |
| 245 | 0 | 3 | _aLa Copia Privada a Examen :. |
| 260 |
_aMadrid : _bMinisterio de Cultura, _c1995. |
||
| 300 |
_a163 p ; _c23 cm. |
||
| 490 | 1 |
_aAnálisis y documentos _v6 |
|
| 710 | 1 |
_aEspaña. _bMinisterio de Cultura _970975 |
|
| 830 | 0 |
_aAnálisis y documentos _v6 _970976 |
|
| 999 |
_c42827 _d42827 |
||
| 040 | _aDO-SdBNP | ||